Storia di Piera /
Salvato in:
| Autori principali: | , |
|---|---|
| Natura: | Libro |
| Lingua: | italiano |
| Pubblicazione: |
Milano :
Bompiani,
1980
|
| Soggetti: | |
| Tags: |
Nessun Tag, puoi essere il primo ad aggiungerne!!
|
MARC
| LEADER | 00000nam a22000007i 4500 | ||
|---|---|---|---|
| 001 | IT\ICCU\RAV\0040061 | ||
| 003 | ItRI | ||
| 005 | 20260115232241.0 | ||
| 008 | 890320s1980 it |||||| ||||| |||||c | ||
| 015 | |2 IT |a 805911 | ||
| 040 | |b ita |c importazione bologna sebina | ||
| 041 | 7 | |a ita |2 ISO-639-2 | |
| 082 | |a 920.72 |9 BIOGRAFIA, GENEALOGIA, INSEGNE. DONNE. |2 22 | ||
| 100 | 1 | |a Degli Esposti, Piera |0 IT\ICCU\CFIV\069621 |4 aut | |
| 240 | 1 | 0 | |a Storia di Piera |3 IT\ICCU\UFE\1025170 |9 Degli Esposti, Piera |
| 245 | 1 | 0 | |a Storia di Piera / |c Piera Degli Esposti, Dacia Maraini. |
| 260 | |a Milano : |b Bompiani, |c 1980 | ||
| 300 | |a 135 p. ; |c 21 cm. | ||
| 650 | 7 | |a Degli Esposti, Piera |x Interviste |2 scbi | |
| 700 | 1 | |a Maraini, Dacia |0 IT\ICCU\CFIV\016486 |4 aut | |
| 942 | |2 ddc |c BK |n 0 | ||
| 952 | |0 0 |1 0 |4 0 |6 L_853_914000000000000_DEG |7 0 |9 22932 |a BO |b BO |d 2026-01-15 |i 86 |l 0 |o L 853.914 DEG |p BO86 |r 2026-01-15 23:22:41 |w 2026-01-15 |x [Sebina 5] [1 v.] |y BK |z 1 v. | ||
| 999 | |c 19572 |d 19572 | ||